00316 2200133 4500001002100000005001500021035002000036245006200056300000700118260002500125082000800150084001200158990001200170INLIS00000000000216720250527120247 a0010-0525000459 aKatakan Kepadaky Kapan? /cLyndon Saputra, Sigit Suryanto a35 bQuality Press,c2006 a000 a000 KAT a0713251